000 00693nam a2200277Ia 4500
005 20260324122730.0
008 008 260324s9999 xx 000 0 eng d
020 _a9780203116609
037 _aEBOOK
040 _aCRL
040 _beng
040 _cCRL
041 _2eng
041 _aeng
084 _qCRL
100 _aDonnacha O Beachain; Vera Sheridan; Sabina Stan
_91167592
245 0 _aLife in Post-Communist Eastern Europe after EU Membership
260 _bTaylor and Francis
260 _c2012
365 _a
365 _b240
856 _uhttp://www.taylorfrancis.com/books/9780203116609
942 _cEBOOK
999 _c1760556
_d1760556